000 00377cam a22001097a 4500
008 180718b1948 xxu||||| |||| 00| 0 eng d
082 _aT392x54
245 _aSterling balances : exchange of letter between the chancellor
_cby Finance Minister of india, India
260 _aNew delhi
_bFinance Minister of india
_c1948
300 _a39+p.
700 _aIndia.Finance Minister of india
999 _c497982
_d497982